[Event "ODJM A 2015"]
[Site "Willingen GER"]
[Date "2015.05.25"]
[Round "3"]
[White "Poetsch, Hagen"]
[Black "Kardoeus, David"]
[Result "1-0"]
[Termination "normal"]
[Board "1"]
[WhiteTitle "IM"]
[WhiteElo "2481"]
[BlackElo "2176"]
[WhiteClock "00:29:42"]
[BlackClock "00:45:36"]
[PlyCount "91"]
[WhiteFideId "24615137"]
[BlackFideId "12912050"]
[EventCountry "GER"]
[EventRounds "9"]
[EventType "swiss"]
[EventDate "2015.05.23"]

1. Nc3 c5 2. Nf3 Nf6 3. e4 Nc6 4. d4 cxd4 5. Nxd4 e5 6. Ndb5 d6 7. Bg5 a6 8.
Na3 b5 9. Bxf6 gxf6 10. Nd5 f5 11. Bd3 Be6 12. O-O Bg7 13. Qh5 f4 14. c4 b4 15.
Nc2 a5 16. g3 Ne7 17. Ne1 O-O 18. Nf3 h6 19. g4 Ng6 20. Kh1 Kh7 21. g5 Rh8 22.
Rad1 Kg8 23. Be2 hxg5 24. Qxg5 Rh6 25. Qxd8+ Rxd8 26. Ng5 Bc8 27. c5 f6 28. Nf3
f5 29. Ng5 fxe4 30. Nxe4 Nh4 31. Ne7+ Kf8 32. Nxc8 Rxc8 33. cxd6 f3 34. Bb5 Bf6
35. d7 Rd8 36. Nc5 Kf7 37. Nb7 Rdh8 38. d8=Q Bxd8 39. Rxd8 Rxd8 40. Nxd8+ Ke7
41. Rd1 Nf5 42. Rd7+ Kf6 43. Bd3 Nd4 44. Rd6+ Kg7 45. Rxh6 Kxh6 46. Nf7+ 1-0

[Event "ODJM A 2015"]
[Site "Willingen GER"]
[Date "2015.05.25"]
[Round "3"]
[White "Koch, Yannick"]
[Black "Wenninger, Philipp"]
[Result "1/2-1/2"]
[Termination "normal"]
[Board "2"]
[WhiteElo "1892"]
[BlackElo "2268"]
[WhiteClock "00:07:41"]
[BlackClock "00:01:52"]
[PlyCount "109"]
[WhiteFideId "24661678"]
[BlackFideId "4648404"]
[EventCountry "GER"]
[EventRounds "9"]
[EventType "swiss"]
[EventDate "2015.05.23"]

1. d4 Nf6 2. c4 c6 3. Nf3 d5 4. Nc3 a6 5. c5 Bf5 6. Bf4 e6 7. h3 Nbd7 8. e3 Be7
9. Bd3 Bxd3 10. Qxd3 O-O 11. O-O Qc8 12. b4 Bd8 13. a4 Bc7 14. Bxc7 Qxc7 15. b5
e5 16. Nxe5 Nxe5 17. dxe5 Nd7 18. Qd4 Qxe5 19. bxc6 bxc6 20. a5 Rab8 21. Rab1
Qe7 22. Na4 Rb5 23. Rxb5 axb5 24. Nb6 Nxc5 25. Qb4 Re8 26. Rc1 Ne6 27. Qxe7
Rxe7 28. Rxc6 Rc7 29. Rxc7 Nxc7 30. Kf1 Kf8 31. Ke2 Ke7 32. Kd3 Kd6 33. Kd4 b4
34. e4 Ne6+ 35. Ke3 d4+ 36. Kd3 Kc5 37. Nd7+ Kb5 38. a6 Kxa6 39. Kc4 Ka5 40.
Ne5 Ka4 41. Nd3 b3 42. f4 Ka3 43. g3 b2 44. Nxb2 Kxb2 45. f5 Ng5 46. e5 Ka3 47.
Kxd4 Kb4 48. Kd5 Nxh3 49. e6 fxe6+ 50. fxe6 Nf2 51. e7 Ng4 52. Ke6 Nf6 53. Kf7
Kc5 54. Kxg7 Ne8+ 55. Kxh7 1/2-1/2

[Event "ODJM A 2015"]
[Site "Willingen GER"]
[Date "2015.05.25"]
[Round "3"]
[White "Meißner, Felix"]
[Black "Teichert, Felix"]
[Result "1-0"]
[Termination "normal"]
[Board "3"]
[WhiteTitle "FM"]
[WhiteElo "2268"]
[BlackElo "1804"]
[WhiteClock "00:24:36"]
[BlackClock "00:21:08"]
[PlyCount "81"]
[WhiteFideId "24671827"]
[BlackFideId "12987670"]
[EventCountry "GER"]
[EventRounds "9"]
[EventType "swiss"]
[EventDate "2015.05.23"]

1. e4 c5 2. Nf3 d6 3. d4 cxd4 4. Nxd4 Nf6 5. f3 g6 6. c4 Bg7 7. Nc3 O-O 8. Be2
a6 9. Be3 e5 10. Nc2 Be6 11. Rc1 Nc6 12. O-O Ne7 13. Qd2 Qc7 14. Nd5 Nfxd5 15.
cxd5 Bd7 16. Na3 Qd8 17. Qb4 f5 18. Qxd6 Nc8 19. Qc7 Bf6 20. Qxb7 Nd6 21. Qc7
Nf7 22. Qxd8 Bxd8 23. Nc4 Rb8 24. Rc2 Kg7 25. b3 Re8 26. Bd3 f4 27. Bc5 Bb5 28.
a4 Bd7 29. Rc3 Rc8 30. Bb4 Rb8 31. Ba3 Rc8 32. Rfc1 Bc7 33. Kf1 Rb8 34. Bc5 Kf6
35. a5 Bb5 36. Nb6 Bxd3+ 37. Rxd3 Red8 38. Be7+ Kxe7 39. Rxc7+ Ke8 40. Rdc3 h5
41. R3c6 1-0

[Event "ODJM A 2015"]
[Site "Willingen GER"]
[Date "2015.05.25"]
[Round "3"]
[White "Wastian, Jan"]
[Black "Riehle, Marco"]
[Result "1/2-1/2"]
[Termination "normal"]
[Board "4"]
[WhiteElo "1672"]
[BlackElo "2062"]
[WhiteClock "00:12:36"]
[BlackClock "01:25:22"]
[PlyCount "101"]
[WhiteFideId "12911640"]
[BlackFideId "12904392"]
[EventCountry "GER"]
[EventRounds "9"]
[EventType "swiss"]
[EventDate "2015.05.23"]

1. e4 e5 2. Nf3 Nc6 3. Bb5 a6 4. Ba4 Nf6 5. d3 b5 6. Bb3 Be7 7. a4 b4 8. Nbd2
d6 9. O-O h6 10. c3 Rb8 11. Re1 O-O 12. h3 Re8 13. d4 Bf8 14. a5 Bd7 15. Bc2
Qc8 16. Nc4 Bxh3 17. gxh3 Qxh3 18. Ba4 Rb5 19. d5 Qg4+ 20. Kf1 Rxd5 21. exd5
Qxc4+ 22. Qe2 Qxd5 23. Rd1 Qxa5 24. Be3 e4 25. Bxc6 Qf5 26. Ng1 Re6 27. Bd4 Nh5
28. Qe3 Rg6 29. Bxe4 Ng3+ 30. Qxg3 Qxe4 31. Qh3 c5 32. Be3 bxc3 33. bxc3 d5 34.
Ne2 Rf6 35. Ra5 Rf3 36. Qg2 Qxe3 37. Rxd5 Rf6 38. Ra1 Qe6 39. Rd8 g5 40. Rb1
Kg7 41. Rbb8 Qa2 42. Qg3 Qa1+ 43. Kg2 Qe1 44. Rxf8 Qxe2 45. Rg8+ Kh7 46. Rh8+
Kg6 47. Rbg8+ Kf5 48. Qf3+ Qxf3+ 49. Kxf3 Ke5+ 50. Ke3 Kd5 51. Rc8 1/2-1/2

[Event "ODJM A 2015"]
[Site "Willingen GER"]
[Date "2015.05.25"]
[Round "3"]
[White "Erofeev, Anastasia"]
[Black "Doberitz, Paul"]
[Result "1/2-1/2"]
[Termination "normal"]
[Board "5"]
[WhiteElo "1897"]
[BlackElo "2194"]
[WhiteClock "00:26:34"]
[BlackClock "00:25:53"]
[PlyCount "40"]
[WhiteFideId "12917915"]
[BlackFideId "24646130"]
[EventCountry "GER"]
[EventRounds "9"]
[EventType "swiss"]
[EventDate "2015.05.23"]

1. e4 d6 2. d4 Nf6 3. Nc3 g6 4. f4 Bg7 5. Nf3 O-O 6. Bd3 Nbd7 7. e5 Ne8 8. Be3
c5 9. Qe2 Qb6 10. Nd5 Qa5+ 11. Bd2 Qd8 12. Bc3 cxd4 13. Bxd4 dxe5 14. fxe5 Qa5+
15. Nc3 Nb8 16. O-O-O Nc6 17. Bc4 Bg4 18. Nd5 e6 19. Bc3 Qa4 20. Bb3 Bxf3
1/2-1/2

[Event "ODJM A 2015"]
[Site "Willingen GER"]
[Date "2015.05.25"]
[Round "3"]
[White "Steingräber, Kai Uwe"]
[Black "Paulus, Jeffrey"]
[Result "1/2-1/2"]
[Termination "normal"]
[Board "6"]
[WhiteElo "2195"]
[BlackElo "1968"]
[WhiteClock "00:28:23"]
[BlackClock "00:22:25"]
[PlyCount "114"]
[WhiteFideId "1271602"]
[BlackFideId "24692468"]
[EventCountry "GER"]
[EventRounds "9"]
[EventType "swiss"]
[EventDate "2015.05.23"]

1. e4 d6 2. d4 g6 3. Be3 Bg7 4. c3 c6 5. Bc4 Nf6 6. Nd2 O-O 7. Bb3 Nbd7 8. Ngf3
Ng4 9. Bg5 Kh8 10. h3 Nh6 11. Qe2 f6 12. Bh4 Qe8 13. O-O-O e5 14. g4 Nb6 15.
dxe5 dxe5 16. Nc4 Be6 17. Nd6 Qe7 18. g5 Nf7 19. Bxe6 Qxe6 20. Nxf7+ Qxf7 21.
Kb1 f5 22. Rd3 Rad8 23. Rhd1 Rxd3 24. Rxd3 Qc4 25. Nd2 Qb5 26. Re3 Qxe2 27.
Rxe2 f4 28. f3 Rd8 29. Kc2 Bf8 30. Bf2 c5 31. Nb3 c4 32. Nc5 Bxc5 33. Bxc5 Rd3
34. Rf2 Nc8 35. b3 b5 36. Rd2 Rxd2+ 37. Kxd2 cxb3 38. axb3 Kg8 39. Kd3 Kf7 40.
c4 bxc4+ 41. Kxc4 Ke6 42. Kb5 Kd7 43. Ka6 Kc6 44. Bxa7 Nxa7 45. Kxa7 Kc5 46.
Kb7 Kd4 47. Kc6 Ke3 48. b4 Kxf3 49. b5 Kxe4 50. b6 f3 51. b7 f2 52. b8=Q f1=Q
53. Qb4+ Ke3 54. Qc5+ Kd2 55. Qa5+ Kc2 56. Qa2+ Kc3 57. Qa3+ Kc2 1/2-1/2

[Event "ODJM A 2015"]
[Site "Willingen GER"]
[Date "2015.05.25"]
[Round "3"]
[White "Oberhofer, Cédric"]
[Black "Stemmler, Fabian"]
[Result "1-0"]
[Termination "normal"]
[Board "7"]
[WhiteElo "2136"]
[BlackElo "1940"]
[WhiteClock "00:03:52"]
[BlackClock "00:01:19"]
[PlyCount "69"]
[WhiteFideId "12941220"]
[BlackFideId "12964808"]
[EventCountry "GER"]
[EventRounds "9"]
[EventType "swiss"]
[EventDate "2015.05.23"]

1. e4 e6 2. d4 d5 3. e5 c5 4. c3 Nc6 5. Nf3 Bd7 6. Be2 f6 7. O-O fxe5 8. Nxe5
Nxe5 9. dxe5 Qc7 10. f4 O-O-O 11. Nd2 Nh6 12. Nf3 Be7 13. a3 Nf7 14. b4 g5 15.
Kh1 Rdg8 16. Rb1 gxf4 17. Bxf4 Rg7 18. bxc5 Bxc5 19. Nd4 Rd8 20. Qb3 Rdg8 21.
g3 Nd8 22. Bb5 Bxd4 23. cxd4 Bxb5 24. Qxb5 Nc6 25. Rfc1 Kd8 26. Qc5 Rf7 27. Qc3
h5 28. Qe3 Rfg7 29. Rb2 Qd7 30. Qc3 Qf7 31. Rcb1 Kc8 32. Qc5 Qd7 33. Rc1 Re7
34. Qxa7 Qc7 35. Qa8+ 1-0

[Event "ODJM A 2015"]
[Site "Willingen GER"]
[Date "2015.05.25"]
[Round "3"]
[White "Zahn, Benno"]
[Black "Schnabel, Bennett"]
[Result "1-0"]
[Termination "normal"]
[Board "8"]
[WhiteElo "2056"]
[BlackElo "1864"]
[WhiteClock "00:04:28"]
[BlackClock "00:48:20"]
[PlyCount "103"]
[WhiteFideId "24636070"]
[BlackFideId "12943290"]
[EventCountry "GER"]
[EventRounds "9"]
[EventType "swiss"]
[EventDate "2015.05.23"]

1. e4 c5 2. Nf3 Nc6 3. d4 cxd4 4. Nxd4 g6 5. c4 Bg7 6. Be3 Nf6 7. Nc3 O-O 8.
Be2 d6 9. O-O Bd7 10. Rc1 Nxd4 11. Bxd4 Bc6 12. f3 a5 13. Qd2 Nd7 14. Rfd1
Bxd4+ 15. Qxd4 Qb6 16. Qxb6 Nxb6 17. Nd5 Bxd5 18. cxd5 Rfc8 19. Bb5 Kg7 20. Kf2
Kf6 21. Ke3 g5 22. g3 h6 23. f4 gxf4+ 24. gxf4 Rxc1 25. Rxc1 Rc8 26. Rxc8 Nxc8
27. Kd4 Nb6 28. b3 Na8 29. Bd3 Kg6 30. Kc4 Nc7 31. b4 b5+ 32. Kc3 a4 33. Be2 e6
34. dxe6 fxe6 35. Kd4 Kf6 36. e5+ Ke7 37. exd6+ Kxd6 38. a3 Kc6 39. Ke5 Kd7 40.
h4 Kc6 41. h5 Kd7 42. Kf6 Nd5+ 43. Kg7 Nc3 44. Bd3 Ke7 45. Kg6 Kf8 46. Kxh6 Kg8
47. Kg6 Kh8 48. Kf7 Nd5 49. Bxb5 Nxf4 50. Bxa4 e5 51. Bc6 Nd3 52. Kf6 1-0

[Event "ODJM A 2015"]
[Site "Willingen GER"]
[Date "2015.05.25"]
[Round "3"]
[White "Terhuven, Patrick"]
[Black "Böhning, Kilian"]
[Result "1-0"]
[Termination "normal"]
[Board "9"]
[WhiteElo "2028"]
[BlackElo "2016"]
[PlyCount "57"]
[WhiteFideId "12919098"]
[BlackFideId "1270499"]
[EventCountry "GER"]
[EventRounds "9"]
[EventType "swiss"]
[EventDate "2015.05.23"]

1. d4 f5 2. Nc3 d5 3. Bg5 Be6 4. e3 h6 5. Bh4 Bf7 6. Bd3 g5 7. Bg3 e6 8. Nge2
Nf6 9. f3 c5 10. dxc5 Bxc5 11. Qd2 Nc6 12. O-O-O a6 13. h4 Nh5 14. Bf2 Ne5 15.
Nd4 g4 16. e4 g3 17. Nxe6 Bxe6 18. Bxc5 dxe4 19. fxe4 Nxd3+ 20. cxd3 f4 21. d4
Bg4 22. Rdf1 b6 23. Ba3 Qc7 24. Kb1 Rd8 25. Nd5 Qh7 26. Ka1 f3 27. gxf3 Be6 28.
Rc1 Rd7 29. Nf4 1-0

[Event "ODJM A 2015"]
[Site "Willingen GER"]
[Date "2015.05.25"]
[Round "3"]
[White "Borchert, René"]
[Black "Hesse, Henrik"]
[Result "1-0"]
[Termination "normal"]
[Board "10"]
[WhiteElo "1979"]
[BlackElo "1816"]
[PlyCount "63"]
[WhiteFideId "12990671"]
[BlackFideId "12952060"]
[EventCountry "GER"]
[EventRounds "9"]
[EventType "swiss"]
[EventDate "2015.05.23"]

1. e4 e5 2. Nf3 Nf6 3. Nxe5 d6 4. Nf3 Nxe4 5. Nc3 Nxc3 6. dxc3 Be7 7. Be3 Nc6
8. Qd2 Be6 9. Be2 Qd7 10. O-O-O O-O-O 11. Nd4 Nxd4 12. Qxd4 c5 13. Qxg7 Rdg8
14. Qh6 Qa4 15. a3 Rxg2 16. Rhg1 Qe4 17. Rxg2 Qxg2 18. Qf4 Rg8 19. Bh5 Qg7 20.
Kb1 d5 21. Qa4 a6 22. Bf4 Qf6 23. Bg3 Bd7 24. Qa5 Qc6 25. c4 Be6 26. cxd5 Bxd5
27. Rxd5 Rxg3 28. Rd1 Rg5 29. Bxf7 Rf5 30. Bg8 Rxf2 31. Qc3 Qf6 32. Qg3 1-0

[Event "ODJM A 2015"]
[Site "Willingen GER"]
[Date "2015.05.25"]
[Round "3"]
[White "Borchert, Louis"]
[Black "Quante, Lennart"]
[Result "0-1"]
[Termination "normal"]
[Board "11"]
[WhiteElo "1829"]
[BlackElo "2092"]
[PlyCount "96"]
[WhiteFideId "12990680"]
[BlackFideId "12979627"]
[EventCountry "GER"]
[EventRounds "9"]
[EventType "swiss"]
[EventDate "2015.05.23"]

1. e4 e5 2. Nf3 Nc6 3. Bc4 Bc5 4. c3 Nf6 5. d4 exd4 6. cxd4 Bb4+ 7. Bd2 Nxe4 8.
Bxb4 Nxb4 9. Bxf7+ Kxf7 10. Qb3+ d5 11. Qxb4 Re8 12. O-O Kg8 13. Nc3 b6 14.
Rfe1 c5 15. Qb3 c4 16. Qc2 Bf5 17. Nd2 Nd6 18. Qd1 Be6 19. Qh5 Bf7 20. Qg4 Qf6
21. Nf3 Nf5 22. Ne5 Be6 23. Qf4 a6 24. Re2 b5 25. Rae1 b4 26. Nd1 Rac8 27. Qd2
a5 28. h3 Nd6 29. Ng4 Bxg4 30. Rxe8+ Nxe8 31. hxg4 Nd6 32. Re5 c3 33. bxc3 Nc4
34. Qe1 Nxe5 35. dxe5 Qe7 36. cxb4 axb4 37. Nb2 Rc3 38. f4 Qc5+ 39. Kh2 Qd4 40.
Qf1 Rc2 41. Nd3 Rd2 42. Nc5 Qxc5 43. Qa6 Qe7 44. Qc8+ Qf8 45. Qe6+ Kh8 46. f5
d4 47. Qd6 Qxd6 48. exd6 Rxa2 0-1

[Event "ODJM A 2015"]
[Site "Willingen GER"]
[Date "2015.05.25"]
[Round "3"]
[White "Bösel, Alexander"]
[Black "Scheinhütte, Jakob"]
[Result "1/2-1/2"]
[Termination "normal"]
[Board "12"]
[WhiteElo "1992"]
[BlackElo "1789"]
[PlyCount "60"]
[WhiteFideId "4623185"]
[BlackFideId "24693944"]
[EventCountry "GER"]
[EventRounds "9"]
[EventType "swiss"]
[EventDate "2015.05.23"]

1. d4 Nf6 2. c4 g6 3. Nc3 Bg7 4. e4 O-O 5. h3 d6 6. Bg5 h6 7. Be3 e5 8. d5 Nbd7
9. Bd3 Nc5 10. Bc2 a5 11. Qd2 Kh7 12. Nge2 Qe7 13. g4 Nfd7 14. Ng3 c6 15. b3
Nb8 16. Kf1 Nba6 17. Rd1 Rd8 18. Bb1 Bf8 19. Kg2 Bd7 20. Rdg1 Bg7 21. Kf1 a4
22. Bc2 axb3 23. axb3 Nb4 24. Bxc5 dxc5 25. Bd1 b5 26. Kg2 cxd5 27. cxd5 Ra3
28. Be2 Qe8 29. Rb1 Rda8 30. Rbc1 Na2 1/2-1/2

[Event "ODJM A 2015"]
[Site "Willingen GER"]
[Date "2015.05.25"]
[Round "3"]
[White "Gauchel, Lorenz"]
[Black "Hirtreiter, Pierre"]
[Result "0-1"]
[Termination "normal"]
[Board "13"]
[WhiteElo "1748"]
[BlackElo "2027"]
[PlyCount "74"]
[WhiteFideId "12905283"]
[BlackFideId "12966312"]
[EventCountry "GER"]
[EventRounds "9"]
[EventType "swiss"]
[EventDate "2015.05.23"]

1. d4 g6 2. c4 c5 3. d5 Nf6 4. Nc3 d6 5. e4 e6 6. dxe6 fxe6 7. g3 a6 8. Bg2 Nc6
9. f4 Bg7 10. Nf3 O-O 11. O-O Rb8 12. Qe2 b5 13. Rd1 b4 14. Nb1 Qc7 15. Nbd2
Bb7 16. Nf1 Rfd8 17. Rb1 b3 18. a3 a5 19. Bd2 a4 20. Bc3 e5 21. fxe5 dxe5 22.
Ng5 Qe7 23. Bh3 h6 24. Ne6 Rxd1 25. Rxd1 Bc8 26. Rd5 Bxe6 27. Bxe6+ Qxe6 28.
Rxc5 Qd6 29. Rb5 Rxb5 30. cxb5 Qc5+ 31. Kg2 Na7 32. Qd3 Nxb5 33. Qd8+ Kh7 34.
Bb4 Qc2+ 35. Kh3 Nxe4 36. Ne3 Ng5+ 37. Kg4 Qe4# 0-1

[Event "ODJM A 2015"]
[Site "Willingen GER"]
[Date "2015.05.25"]
[Round "3"]
[White "Reisberg, Andre"]
[Black "Wieber, Dominik"]
[Result "1-0"]
[Termination "normal"]
[Board "14"]
[WhiteElo "1977"]
[BlackElo "1851"]
[PlyCount "99"]
[WhiteFideId "1270630"]
[BlackFideId "24699012"]
[EventCountry "GER"]
[EventRounds "9"]
[EventType "swiss"]
[EventDate "2015.05.23"]

1. d4 d5 2. c4 c6 3. Nc3 Nf6 4. Nf3 e6 5. Bg5 Bb4 6. Qc2 h6 7. Bh4 Nbd7 8. e3
Qa5 9. Nd2 g5 10. Bg3 Ne4 11. Ndxe4 dxe4 12. h4 g4 13. a3 f5 14. Rc1 Bxc3+ 15.
Qxc3 Qxc3+ 16. Rxc3 Ke7 17. Be2 h5 18. O-O b6 19. Rd1 Ba6 20. b4 Rac8 21. Rdc1
c5 22. Rd1 Rhd8 23. Bf4 Nf6 24. Rcc1 Rd7 25. g3 Rcd8 26. Be5 Rc8 27. dxc5 Rxd1+
28. Rxd1 Nd7 29. Bd6+ Ke8 30. b5 bxc5 31. bxa6 e5 32. Rd5 Rc6 33. Bxe5 Rxa6 34.
Bb2 Rb6 35. Rd2 Rb3 36. Bd1 Rb7 37. Ba4 Ke7 38. Rxd7+ Rxd7 39. Bxd7 Kxd7 40.
Bc3 Kc6 41. Ba5 Kb7 42. Kf1 Ka6 43. Bd8 Kb7 44. Ke2 Kc6 45. Kd2 Kd7 46. Ba5 Kc6
47. Kc2 Kb7 48. Kb3 Kc6 49. Ka4 f4 50. gxf4 1-0

[Event "ODJM A 2015"]
[Site "Willingen GER"]
[Date "2015.05.25"]
[Round "3"]
[White "Falke, Isaak"]
[Black "Faulhaber, Tobias"]
[Result "1-0"]
[Termination "normal"]
[Board "15"]
[WhiteElo "2020"]
[BlackElo "1917"]
[PlyCount "75"]
[WhiteFideId "24614483"]
[BlackFideId "1271914"]
[EventCountry "GER"]
[EventRounds "9"]
[EventType "swiss"]
[EventDate "2015.05.23"]

1. e4 e6 2. d4 d5 3. Nc3 h6 4. Bd3 Nc6 5. Nf3 Nb4 6. Be2 Nf6 7. e5 Ne4 8. Nd2
Nxc3 9. bxc3 Nc6 10. O-O Be7 11. f4 O-O 12. a4 Na5 13. Ba3 Bxa3 14. Rxa3 c5 15.
Rf3 Bd7 16. Nb3 Nxb3 17. cxb3 Qe7 18. Ra1 Rac8 19. Qd2 Rc7 20. Bd3 cxd4 21.
cxd4 f5 22. exf6 Qxf6 23. Kh1 Be8 24. Raf1 Bh5 25. Rg3 Kh8 26. Bb1 Rcf7 27. Qd3
g5 28. Re3 gxf4 29. Re5 f3 30. g3 Bg4 31. Rf2 Bf5 32. Qd1 Bxb1 33. Qxb1 Rc7 34.
Re3 Rfc8 35. Qd3 Rc1+ 36. Rf1 Qxd4 37. Qxd4+ Kg8 38. Rexf3 1-0

[Event "ODJM A 2015"]
[Site "Willingen GER"]
[Date "2015.05.25"]
[Round "3"]
[White "Longo, Claudio"]
[Black "Boes, Julian"]
[Result "1/2-1/2"]
[Termination "normal"]
[Board "16"]
[WhiteElo "2013"]
[BlackElo "1936"]
[PlyCount "58"]
[WhiteFideId "12994766"]
[BlackFideId "12907723"]
[EventCountry "GER"]
[EventRounds "9"]
[EventType "swiss"]
[EventDate "2015.05.23"]

1. d4 d5 2. c4 e6 3. Nf3 Nf6 4. e3 Be7 5. Nbd2 O-O 6. Bd3 b6 7. O-O Bb7 8. Qc2
Nbd7 9. e4 dxe4 10. Nxe4 c5 11. dxc5 Nxe4 12. Bxe4 Bxe4 13. Qxe4 Nxc5 14. Qc2
Qd3 15. Qxd3 Nxd3 16. b3 Bf6 17. Rb1 Rfd8 18. Ba3 Rd7 19. Rfd1 Rad8 20. Kf1 e5
21. Ne1 e4 22. Nxd3 Rxd3 23. Rxd3 Rxd3 24. Ke2 Bd4 25. Bb4 f5 26. Bd2 Kf7 27.
f3 Ke6 28. fxe4 fxe4 29. Rf1 Bf6 1/2-1/2

[Event "ODJM A 2015"]
[Site "Willingen GER"]
[Date "2015.05.25"]
[Round "3"]
[White "Biefel, Christian"]
[Black "Leyrer, Thomas"]
[Result "0-1"]
[Termination "normal"]
[Board "17"]
[WhiteElo "1769"]
[BlackElo "1864"]
[PlyCount "72"]
[WhiteFideId "24692646"]
[BlackFideId "12908274"]
[EventCountry "GER"]
[EventRounds "9"]
[EventType "swiss"]
[EventDate "2015.05.23"]

1. d4 d5 2. c4 c6 3. Nc3 e6 4. Nf3 dxc4 5. a4 Bb4 6. e3 b5 7. Bd2 a5 8. Ne5 Bb7
9. Ne4 Bxd2+ 10. Qxd2 Ne7 11. Nc5 Qc7 12. Be2 O-O 13. O-O Rd8 14. Nxb7 Qxb7 15.
axb5 cxb5 16. Bf3 Nbc6 17. Rfc1 Qb6 18. Nxc6 Nxc6 19. b3 Ra7 20. Bxc6 Qxc6 21.
Rxa5 Rxa5 22. Qxa5 Ra8 23. Qb4 cxb3 24. Qd2 Qc2 25. Rxc2 bxc2 26. Qc1 b4 27.
Kf1 b3 28. Qb2 Ra2 29. Qc3 h6 30. d5 c1=Q+ 31. Qxc1 b2 32. Qc2 Ra1+ 33. Ke2
b1=Q 34. Qc8+ Kh7 35. Kf3 Qf5+ 36. Kg3 Qxd5 0-1

[Event "ODJM A 2015"]
[Site "Willingen GER"]
[Date "2015.05.25"]
[Round "3"]
[White "Becker, Robin"]
[Black "Glaser, Maximilian"]
[Result "1/2-1/2"]
[Termination "normal"]
[Board "18"]
[WhiteElo "1958"]
[BlackElo "1721"]
[PlyCount "172"]
[WhiteFideId "12955698"]
[BlackFideId "12956961"]
[EventCountry "GER"]
[EventRounds "9"]
[EventType "swiss"]
[EventDate "2015.05.23"]

1. e4 d5 2. exd5 Qxd5 3. Nf3 Bg4 4. Be2 Nf6 5. d4 c6 6. O-O e6 7. c4 Qd8 8. Nc3
Be7 9. h3 Bh5 10. Bf4 Nbd7 11. Qb3 Qb6 12. Rfd1 Qxb3 13. axb3 Nb6 14. Ne5 Bxe2
15. Nxe2 O-O 16. Nc1 Rfd8 17. Nf3 h6 18. Nd3 Nbd7 19. b4 Nb6 20. b3 Ne4 21. Kf1
Nd7 22. Ra5 a6 23. Re1 Nef6 24. Ra2 Nh5 25. Bc7 Rdc8 26. Bh2 Nhf6 27. Rea1 Ne4
28. Re1 Nef6 29. Bf4 Nh5 30. Be3 Nhf6 31. Nd2 Bd6 32. Bf4 Ne8 33. Ne4 Bxf4 34.
Nxf4 Ndf6 35. Nc5 Nd6 36. g4 Rd8 37. f3 Nd7 38. Nfd3 Nxc5 39. Nxc5 Ra7 40. h4
g6 41. Kf2 Re8 42. Kg3 Kg7 43. Kf4 Kf8 44. Re5 Re7 45. h5 g5+ 46. Kg3 b5 47.
Rxa6 Rxa6 48. Nxa6 bxc4 49. bxc4 Ra7 50. Nb8 Rb7 51. Nxc6 Nxc4 52. Rc5 Nd6 53.
d5 Ke8 54. dxe6 fxe6 55. Kf2 Kd7 56. Ke3 Nf7 57. b5 Kd6 58. Kd4 Rb6 59. Ne5
Nxe5 60. Rxe5 Rb8 61. Rc5 Rf8 62. Rc6+ Kd7 63. Kc5 Rxf3 64. Kb6 Rf4 65. Rc7+
Kd6 66. Rh7 Rf6 67. Ka7 Rf4 68. b6 Ra4+ 69. Kb8 Rxg4 70. Rxh6 Kd7 71. Rg6 e5
72. h6 Rh4 73. Rg7+ Kc6 74. b7 Rxh6 75. Rc7+ Kd5 76. Ka7 Rh8 77. Rc8 Rh7 78.
Rg8 e4 79. Rxg5+ Kd4 80. Kb6 Rxb7+ 81. Kxb7 e3 82. Kc6 e2 83. Rg1 Ke3 84. Kd5
Kf2 85. Ra1 e1=Q 86. Rxe1 Kxe1 1/2-1/2

[Event "ODJM A 2015"]
[Site "Willingen GER"]
[Date "2015.05.25"]
[Round "3"]
[White "Heldt, Nils-Lennart"]
[Black "Hartmann, Jakob"]
[Result "1-0"]
[Termination "normal"]
[Board "19"]
[WhiteElo "1844"]
[BlackElo "1914"]
[PlyCount "85"]
[WhiteFideId "12952109"]
[BlackFideId "12918067"]
[EventCountry "GER"]
[EventRounds "9"]
[EventType "swiss"]
[EventDate "2015.05.23"]

1. d4 d5 2. c4 c6 3. Nf3 Nf6 4. Nc3 e6 5. cxd5 exd5 6. Bg5 Be7 7. Qc2 O-O 8. e3
Nbd7 9. Bd3 Re8 10. O-O h6 11. Bh4 Ne4 12. Bxe7 Qxe7 13. Rab1 Ndf6 14. h3 Bf5
15. b4 Rac8 16. Nd2 b6 17. Ncxe4 dxe4 18. Ba6 Rc7 19. Rfc1 Nd5 20. a3 Qg5 21.
Kh1 Re6 22. Nf1 h5 23. Nh2 c5 24. Qb3 Rg6 25. Rg1 Be6 26. Qb2 cxb4 27. axb4 Nc3
28. Rbc1 Na4 29. Qa3 Rxc1 30. Qxc1 b5 31. Bb7 Bd5 32. f4 Qd8 33. Bxd5 Qxd5 34.
g4 Rc6 35. Qe1 Rc2 36. Qg3 g6 37. f5 Kh7 38. fxg6+ fxg6 39. gxh5 Qxh5 40. Ng4
Qf5 41. Qh4+ Kg7 42. Ne5 Kf8 43. Nxg6+ 1-0

[Event "ODJM A 2015"]
[Site "Willingen GER"]
[Date "2015.05.25"]
[Round "3"]
[White "Lüßmann, Thomas"]
[Black "Gröning, Finn Jonathan"]
[Result "1-0"]
[Termination "normal"]
[Board "20"]
[WhiteElo "1911"]
[BlackElo "1824"]
[PlyCount "61"]
[WhiteFideId "1270602"]
[BlackFideId "1271634"]
[EventCountry "GER"]
[EventRounds "9"]
[EventType "swiss"]
[EventDate "2015.05.23"]

1. d4 c6 2. c4 d5 3. Nf3 Nf6 4. Nc3 dxc4 5. a4 a6 6. e3 b5 7. axb5 cxb5 8. Nxb5
axb5 9. Rxa8 Bb7 10. Ra1 Ne4 11. Be2 e6 12. O-O Bd6 13. b3 Qc7 14. bxc4 bxc4
15. Ba3 O-O 16. Bxd6 Nxd6 17. Ne5 f6 18. Nf3 Nd7 19. Rc1 Nb6 20. Nd2 Rc8 21.
Bf3 Nd5 22. e4 Nb6 23. Bg4 Re8 24. Re1 Nb5 25. Nb3 Na4 26. Nc5 Nxc5 27. Rxc4
Nxd4 28. Qxd4 Qa5 29. Rd1 Nxe4 30. Qd7 Rb8 31. Rc7 1-0

[Event "ODJM A 2015"]
[Site "Willingen GER"]
[Date "2015.05.25"]
[Round "3"]
[White "Denkert, Robert"]
[Black "Berger, Nadja"]
[Result "1-0"]
[Termination "normal"]
[Board "21"]
[WhiteElo "1737"]
[BlackElo "1808"]
[PlyCount "83"]
[WhiteFideId "12957216"]
[BlackFideId "24692212"]
[EventCountry "GER"]
[EventRounds "9"]
[EventType "swiss"]
[EventDate "2015.05.23"]

1. e4 c5 2. Nc3 Nc6 3. g3 g6 4. Bg2 Bg7 5. d3 d6 6. Be3 e6 7. Qd2 a6 8. h4 h5
9. Nf3 b5 10. e5 Nge7 11. exd6 Qxd6 12. Ne4 Qd8 13. Bxc5 O-O 14. c3 Bd7 15. O-O
Rc8 16. Nd6 Rb8 17. Rfe1 Qc7 18. Ne4 Qd8 19. Qg5 f6 20. Qd2 Kh7 21. Bd6 Rc8 22.
Nc5 a5 23. Nxe6 Bxe6 24. Rxe6 Qd7 25. Rae1 Rfe8 26. Bxe7 Rxe7 27. Rxe7 Nxe7 28.
Nd4 b4 29. cxb4 Qxd4 30. Rxe7 axb4 31. Rb7 Rd8 32. Rxb4 Qxd3 33. Qxd3 Rxd3 34.
Kf1 Rd2 35. Ke1 Rc2 36. Be4 Rc1+ 37. Ke2 f5 38. Bd3 Rc7 39. a4 Ra7 40. Bb5 Rc7
41. Kd3 Kg8 42. a5 1-0

[Event "ODJM A 2015"]
[Site "Willingen GER"]
[Date "2015.05.25"]
[Round "3"]
[White "Döpper, Anna Bérénice"]
[Black "Lai Hop, Long"]
[Result "1-0"]
[Termination "normal"]
[Board "22"]
[WhiteElo "1600"]
[BlackElo "1885"]
[PlyCount "71"]
[WhiteFideId "1271853"]
[BlackFideId "12942707"]
[EventCountry "GER"]
[EventRounds "9"]
[EventType "swiss"]
[EventDate "2015.05.23"]

1. e4 c6 2. d4 d5 3. exd5 cxd5 4. c4 Nf6 5. Nf3 Nc6 6. Nc3 Bg4 7. Be3 Bxf3 8.
Qxf3 e6 9. cxd5 Nxd5 10. Bc4 Bb4 11. Rc1 O-O 12. O-O Nf6 13. Rcd1 Rc8 14. Bd3
a6 15. Ne4 Nxe4 16. Qxe4 g6 17. h4 Be7 18. h5 Bf6 19. Bb1 Qd5 20. hxg6 hxg6 21.
Qf4 Bg7 22. b3 Qd7 23. g3 Ne7 24. Kg2 Nd5 25. Qh4 Qc6 26. Be4 Qd7 27. Rh1 Nxe3+
28. fxe3 Rfe8 29. Qh7+ Kf8 30. Rdf1 g5 31. Qg6 e5 32. Rh7 f6 33. Rxf6+ Kg8 34.
Rd6 Qc7 35. Bd5+ Kf8 36. Rf6+ 1-0